00217nam a22000977a 4500041001200000082001800012100001400030245002000044260004700064300000800111 aEnglish a630.1bGUP/CR aGupta U S aCrop physiology aNewDelhibOxford & IBH Publishing Coc1978 a431